000 01069pam a2200325 a 4500
001 2994683
003 OSt
005 20140310184256.0
008 930122s1994 caua j 000 1 eng
010 _a 93000237
020 _a0152004432 :
_c$13.95
040 _aDLC
_cDLC
_dDLC
042 _alcac
050 0 0 _aPZ 7
_b.As778 1997
100 1 _aAsch, Frank.
_922872
245 1 4 _aThe Earth and I /
_cFrank Asch.
250 _a1st ed.
260 _aSan Diego :
_bGulliver Books,
_c1997.
300 _bcol. ill. ;
_c26 cm.
521 _aG1
526 _cBR
651 1 _aEarth
_xFiction.
_922873
856 4 2 _3Publisher description
_uhttp://www.loc.gov/catdir/description/har041/93000237.html
856 4 2 _3Contributor biographical information
_uhttp://www.loc.gov/catdir/enhancements/fy1003/93000237-b.html
906 _a7
_bcbc
_corignew
_d1
_eocip
_f19
_gy-gencatlg
942 _2lcc
_cBK-SCHOLAS
999 _c33407
_d33407